000 00951nam0a2200289 i 4500
001 RU\NLR\BIBL_A\010570427
005 20260406142837.0
010 _a9785000520826
_94000
021 _aRU
_b2014-79315
_94843
035 _a(NLR Aleph) 010570427
090 _a10422002
_c10422002
100 _a20141222d2014 m y0rusy50 ca
101 0 _arus
102 _aRU
105 _ay w 000yy
200 1 _aО вере и жизни христианской
_fпреп. Ефрем Сирин
210 _aМосква
_cНеугасимая лампада
_d2014
215 _a62, [1] с.
_d20
225 1 _aДуховный компас
606 _aПатристика
_92291912
_3RU\NLR\AUTH\661372588
686 2 _aЭ37-4
700 0 _8rus
_7ca
_aЕфрем Сирин
_cиеродиакон
_fок.306-378
_3RU\NLR\AUTH\773587
_9113582
942 _cBOOK
980 _aNBR